| 000 | 00816nas a2200289 4500 | ||
|---|---|---|---|
| 001 | BR2012008240 | ||
| 003 | BR-BrBNA | ||
| 005 | 20231205121426.0 | ||
| 007 | ta | ||
| 008 | 230509b bl.|||p| |||| 00| 00por d | ||
| 040 |
_aBR-BrBNA _bpor _cBiblioteca Nacional de Agricultura |
||
| 041 | _a(Pt) | ||
| 072 | _aA50; H20 | ||
| 100 | 1 | _aMachado, M.A. | |
| 245 | 1 | _aProjeto genoma da xylella fastidiosa | |
| 650 | _aPROJETO DE PESQUISA | ||
| 650 | _aGENOMA | ||
| 650 | _aXYLELLA FASTIDIOSA | ||
| 650 | _aBACTÉRIA | ||
| 650 | _aFRUTA CÍTRICA | ||
| 650 | _aDOENÇA DE PLANTA | ||
| 650 | _aINDUÇÃO | ||
| 650 | _aMUTAÇÃO INDUZIDA | ||
| 773 | 0 |
_tO Agronômico (Brazil) _xISSN 0365-2726 _g(Jan-Apr 1999), v. 51(1) p. 6-7 _wBR2012008240 |
|
| 909 |
_a202311 _bLúcia _c55 _dLúcia Elande |
||
| 942 |
_2AGRIS _n0 _cANA |
||
| 999 |
_c223506 _d223506 |
||